Dude Perfect Stereotypes - Statistics

General Stats
  • This quiz has been taken 42 times
    37 since last reset
  • The average score is 10 of 19
Answer Stats
# Stereotype % Correct
3 Pickup Basketball Stereotypes
72%
15 Madden Stereotypes
60%
1 Beach Stereotypes
56%
8 Camping Stereotypes
56%
17 Fantasy Football Stereotypes
56%
2 Gym Stereotypes
56%
4 Movie Theater Stereotypes
56%
11 Softball Stereotypes
56%
5 Driving Stereotypes
52%
9 Christmas Stereotypes
48%
14 Golf Stereotypes
48%
7 Hunting Stereotypes
48%
16 March Madness Stereotypes
48%
10 Restaurant Stereotypes
48%
18 Skiing Stereotypes
44%
6 Fishing Stereotypes
40%
19 Quarantine Stereotypes
40%
12 Super Bowl Party Stereotypes
40%
13 Grocery Store Stereotypes
36%
No matching quizzes found
Score Distribution
Percent of People with Each Score
Percentile by Number Answered
Your Score History
You have not taken this quiz since the last reset